Recursos naturales y farmacia (Record no. 186213)

MARC details
000 -LEADER
campo de control de longitud fija 01351nam a2200277 i 4500
001 - NÚMERO DE CONTROL
campo de control 186213
003 - IDENTIFICADOR DE NÚMERO DE CONTROL
campo de control SpMaBN
005 - FECHA Y HORA DE LA ÚLTIMA TRANSACCIÓN
campo de control 20251011063201.0
008 - DATOS DE LONGITUD FIJA--INFORMACIÓN GENERAL
campo de control de longitud fija 160919s2013 sp |||| | spa d
080 ## - NÚMERO DE LA CLASIFICACIÓN DECIMAL UNIVERSAL
Número de la Clasificación Decimal Universal 615.07
080 ## - NÚMERO DE LA CLASIFICACIÓN DECIMAL UNIVERSAL
Número de la Clasificación Decimal Universal 502.21
100 1# - ENTRADA PRINCIPAL--NOMBRE DE PERSONA
Nombre de persona Delgado Calvo-Flores, Rafael,
Fechas asociadas al nombre 1953-
9 (RLIN) 160922
245 10 - MENCIÓN DEL TÍTULO
Título Recursos naturales y farmacia
Resto del título : discurso de recepción pronunciado por el académico electo ... Prof. Dr. D. Rafael Delgado Calvo-Flores .... y discurso de contestación pronunciado por el académico numerario ... Prof. Dr. D. Blas Gil Extremera, en sesión solemne celebrada en el salón de actos de la Real Academia de Medicina y Cirugía el día 10 de mayo.
260 ## - PUBLICACIÓN, DISTRIBUCIÓN, ETC.
Lugar de publicación, distribución, etc. Granada :
Nombre del editor, distribuidor, etc. Real Academia de Medicina y Cirugía de Granada,
Fecha de publicación, distribución, etc. 2013.
300 ## - DESCRIPCIÓN FÍSICA
Extensión 133 p. ;
Dimensiones 24 cm.
504 ## - NOTA DE BIBLIOGRAFÍA, ETC.
Nota de bibliografía, etc. Bibliografía: p. 119-124.
650 07 - PUNTO DE ACCESO ADICIONAL DE MATERIA--TÉRMINO DE MATERIA
Término de materia o nombre geográfico como elemento de entrada Farmacognosia.
9 (RLIN) 12724
650 07 - PUNTO DE ACCESO ADICIONAL DE MATERIA--TÉRMINO DE MATERIA
Término de materia o nombre geográfico como elemento de entrada Recursos naturales
Fuente del encabezamiento o término embne
9 (RLIN) 16700
700 1# - ENTRADA AGREGADA--NOMBRE PERSONAL
Nombre de persona Gil Extremera, Blas.
9 (RLIN) 160923
710 2# - ENTRADA AGREGADA--NOMBRE DE ENTIDAD CORPORATIVA
Nombre de entidad corporativa o nombre de jurisdicción como elemento de entrada Real Academia de Medicina y Cirugía del Distrito de Granada.
9 (RLIN) 6331
852 ## - LOCALIZACIÓN
Ubicación ES-MaACL
Número de control de estantería A-13792
itemnumber 193268
Signatura antigua Olim: N-6792
Anotaciones manuscritas Dedicatoria autógrafa del autor
Donativo/Legado Donación: Rafael Delgado Calvo-Flores
903 ## - NOMBRE PERSONAL DE DONANTE
a Delgado Calvo-Flores, Rafael,
d 1953-
e Donante
9 160922
942 ## - ELEMENTOS DE ENTRADA SECUNDARIOS (KOHA)
Fuente del sistema de clasificación o colocación Clasificación decimal universal
Tipo de ítem Koha Libro impreso
Holdings
Estatus retirado Estado de pérdida Fuente del sistema de clasificación o colocación Estado de daño No para préstamo Colección Biblioteca de origen Biblioteca actual Ubicación en estantería Fecha de adquisición Fuente de adquisición Total de préstamos Signatura topográfica completa Código de barras Visto por última vez Precio de reemplazo Tipo de ítem Koha Nota pública
    Clasificación decimal universal     Libros con dedicatorias Biblioteca del Ateneo de Madrid Biblioteca del Ateneo de Madrid Depósito 1 19/09/2016 Donación   A-13792 1196327 23/02/2023 23/02/2023 Libro impreso Dedicatoria autógrafa del autor